[Event "First Lady's Cup"]
[Site "Yogyakarta INA"]
[Date "1983.11.28"]
[Round "12"]
[White "Torre, Eugenio"]
[Black "Kovacevic, Vladimir"]
[Result "1/2-1/2"]
[WhiteElo "2570"]
[BlackElo "2540"]
[EventDate "1983.11.13"]
[PlyCount "148"]

1.c4 f5 2.Nf3 Nf6 3.g3 g6 4.Bg2 Bg7 5.O-O O-O 6.Nc3 c6 7.d4 d6 8.d5 e5 9.
dxe6 Bxe6 10.b3 Na6 11.Bb2 Qe7 12.Ng5 Bd7 13.Qc2 Rad8 14.Rad1 Bc8 15.Nf3 
Rfe8 16.e3 d5 17.cxd5 Nb4 18.Qc1 Nfxd5 19.Nxd5 Nxd5 20.Bxg7 Kxg7 21.Ne1 
Be6 22.Nd3 Bf7 23.Rd2 Nf6 24.Rfd1 Rd7 25.Qc5 Red8 26.Qxe7 Rxe7 27.Kf1 Ne4 
28.Bxe4 Rxe4 29.Nc5 Rxd2 30.Rxd2 Re7 31.Ke2 b6 32.Nd3 Rd7 33.Rc2 Rd6 34.b4
Kf6 35.h4 h6 36.a3 Bb3 37.Rc3 Ba4 38.Ke1 g5 39.hxg5+ hxg5 40.f3 Bb5 41.Nf2
Rd7 42.Rc2 Re7 43.e4 g4 44.f4 Rh7 45.Rd2 fxe4 46.Nxe4+ Kg6 47.Kf2 Rh1 48.
Ke3 Re1+ 49.Kd4 Kf5 50.Nd6+ Kf6 51.Nxb5 cxb5 52.Rd3 Rf1 53.Ke4 Re1+ 54.Kd5
Rf1 55.Rc3 Rf3 56.Kd4 Rf1 57.Ke4 Re1+ 58.Kd5 Rf1 59.Rd3 Rf2 60.Ke4 Re2+ 
61.Kd4 Re1 62.Rc3 Rf1 63.Ke4 Re1+ 64.Kd5 Rf1 65.Rc6+ Kf5 66.Rc7 Rf3 67.
Rf7+ Kg6 68.Rxa7 Rxg3 69.Ke4 Rc3 70.Rb7 g3 71.f5+ Kf6 72.Rxb6+ Kf7 73.Rg6 
Rxa3 74.Kd5 Rc3 1/2-1/2

[Event "First Lady's Cup"]
[Site "Yogyakarta INA"]
[Date "1983.11.28"]
[Round "12"]
[White "Romanishin, Oleg"]
[Black "Henley, Ronald Watson"]
[Result "1/2-1/2"]
[WhiteElo "2575"]
[BlackElo "2525"]
[EventDate "1983.11.13"]
[PlyCount "90"]

1.Nf3 Nf6 2.g3 g6 3.Bg2 Bg7 4.d4 d5 5.O-O O-O 6.Bf4 c5 7.c3 cxd4 8.cxd4 
Ne4 9.Be5 f6 10.Bxb8 Rxb8 11.Nc3 e6 12.Qd3 Kh8 13.e3 b6 14.Rfc1 Nd6 15.Ne1
Rf7 16.a4 Nc4 17.Qd1 Bf8 18.Nd3 a6 19.Ne2 Rc7 20.h4 Bd7 21.b3 Na5 22.Rxc7 
Qxc7 23.Rc1 Qd8 24.e4 dxe4 25.Bxe4 Rc8 26.Rxc8 Bxc8 27.Qc2 Nb7 28.Ndf4 Nd6
29.Bg2 Bg7 30.Bh3 f5 31.Bg2 e5 32.dxe5 Bxe5 33.Qd3 Nf7 34.Bd5 Nh6 35.Qc4 
Ng4 36.Nh3 Nf6 37.Ng5 Kg7 38.Bf3 Qc7 39.Ne6+ Bxe6 40.Qxe6 a5 41.Kg2 Qd6 
42.Qc4 Qe7 43.Qb5 Qd6 44.Nc1 Bd4 45.Nd3 Qe6 1/2-1/2

[Event "First Lady's Cup"]
[Site "Yogyakarta INA"]
[Date "1983.12.28"]
[Round "12"]
[White "Miolo, Ediwan Ermansyah"]
[Black "Tarjan, James Edward"]
[Result "0-1"]
[WhiteElo "2405"]
[BlackElo "2535"]
[EventDate "1983.11.13"]
[PlyCount "64"]

1.e4 c5 2.Nf3 e6 3.d4 cxd4 4.Nxd4 Nf6 5.Bd3 Nc6 6.Nxc6 bxc6 7.O-O d5 8.Nc3
Be7 9.f4 O-O 10.Qf3 c5 11.Rd1 Qb6 12.Kh1 c4 13.Bf1 Bb7 14.e5 d4 15.Qh3 
dxc3 16.exf6 Bxf6 17.bxc3 Bd5 18.Qg3 Qa5 19.Bd2 Rfb8 20.f5 Rb2 21.Rab1 Qb6
22.Rbc1 exf5 23.Be3 Qb7 24.Bg5 Bxg5 25.Qxg5 h6 26.Qxf5 Be6 27.Qf4 Rc8 28.
Rd4 Qc7 29.Qh4 Qe5 30.Bxc4 g5 31.Qxh6 Bxc4 32.Rcd1 Re8 0-1

[Event "First Lady's Cup"]
[Site "Yogyakarta INA"]
[Date "1983.11.28"]
[Round "12"]
[White "Schmidt, Wlodzimierz"]
[Black "Radulov, Ivan"]
[Result "1/2-1/2"]
[WhiteElo "2450"]
[BlackElo "2490"]
[EventDate "1983.11.13"]
[PlyCount "30"]

1.d4 d5 2.c4 dxc4 3.Nc3 g6 4.e3 Bg7 5.Bxc4 Nf6 6.Nf3 O-O 7.O-O Nfd7 8.h3 
Nb6 9.Bb3 Nc6 10.Re1 e5 11.d5 Na5 12.e4 c6 13.Bg5 Qd6 14.dxc6 Qxd1 15.
Raxd1 bxc6 1/2-1/2

[Event "First Lady's Cup"]
[Site "Yogyakarta INA"]
[Date "1983.11.28"]
[Round "12"]
[White "Hulak, Krunoslav"]
[Black "Kurajica, Bojan"]
[Result "1/2-1/2"]
[WhiteElo "2530"]
[BlackElo "2525"]
[EventDate "1983.11.13"]
[PlyCount "36"]

1.c4 c5 2.Nc3 Nc6 3.g3 g6 4.Bg2 Bg7 5.e3 e6 6.Nge2 Nge7 7.O-O O-O 8.d4 
cxd4 9.Nxd4 d5 10.cxd5 Nxd4 11.exd4 Nxd5 12.Nxd5 exd5 13.Be3 Be6 14.Qd2 
Rc8 15.Rac1 Qd7 16.h4 h5 17.Rfe1 a6 18.b3 Rxc1 1/2-1/2

[Event "First Lady's Cup"]
[Site "Yogyakarta INA"]
[Date "1983.11.28"]
[Round "12"]
[White "Ardiansyah"]
[Black "Lobron, Eric"]
[Result "0-1"]
[WhiteElo "2450"]
[BlackElo "2480"]
[EventDate "1983.11.13"]
[PlyCount "70"]

1.c4 Nf6 2.Nc3 c5 3.g3 e6 4.Bg2 d5 5.cxd5 exd5 6.Qb3 c4 7.Qa4+ Nc6 8.b3 b5
9.Qxb5 Bd7 10.Nxd5 Nb4 11.Qxc4 Rc8 12.Nxf6+ Qxf6 13.Qe4+ Kd8 14.d4 Bf5 15.
Qb7 Nc2+ 16.Kf1 Nxa1 17.Bd2 Qxd4 18.Ba5+ Ke8 19.Bd5 Bd7 20.Nf3 Bh3+ 21.Kg1
Qd1+ 22.Ne1 Be7 23.g4 Rd8 24.Bb4 Rd7 25.Qb8+ Bd8 26.Qe5+ Re7 27.Qxg7 Kd7 
28.Bf3 Nc2 29.e3 Qb1 30.Qxh8 Nxe1 31.Qd4+ Kc8 32.Qc4+ Bc7 33.Qa6+ Kd8 34.
Bxe7+ Kxe7 35.Qa3+ Kf6 0-1

[Event "First Lady's Cup"]
[Site "Yogyakarta INA"]
[Date "1983.11.29"]
[Round "13"]
[White "Radulov, Ivan"]
[Black "Hulak, Krunoslav"]
[Result "1/2-1/2"]
[WhiteElo "2490"]
[BlackElo "2530"]
[EventDate "1983.11.13"]
[PlyCount "32"]

1.e4 e5 2.Nf3 Nf6 3.Nxe5 d6 4.Nf3 Nxe4 5.Qe2 Qe7 6.d3 Nf6 7.Bg5 Nbd7 8.Nc3
h6 9.Bh4 Qxe2+ 10.Bxe2 Be7 11.O-O-O O-O 12.Rhe1 Bd8 13.h3 Nb6 14.Ne4 Nxe4 
15.dxe4 Bxh4 16.Nxh4 Re8 1/2-1/2

[Event "First Lady's Cup"]
[Site "Yogyakarta INA"]
[Date "1983.11.29"]
[Round "13"]
[White "Henley, Ronald Watson"]
[Black "Miolo, Ediwan Ermansyah"]
[Result "1-0"]
[WhiteElo "2525"]
[BlackElo "2405"]
[EventDate "1983.11.13"]
[PlyCount "71"]

1.d4 Nf6 2.Nf3 b6 3.e3 Bb7 4.Nbd2 e6 5.Bd3 d5 6.O-O Bd6 7.b3 O-O 8.Bb2 Ne4
9.Ne5 Nxd2 10.Qxd2 f6 11.Nf3 Nd7 12.Qe2 f5 13.c4 Qe7 14.Rac1 Rad8 15.Rc2 
Kh8 16.Rfc1 dxc4 17.Bxc4 c5 18.h3 e5 19.dxc5 Nxc5 20.Rd1 Bc7 21.Rcd2 Rxd2 
22.Rxd2 e4 23.Ne1 f4 24.Qg4 fxe3 25.fxe3 Be5 26.Bxe5 Qxe5 27.Rf2 Rxf2 28.
Kxf2 g6 29.Qf4 Qe7 30.b4 Na6 31.Nc2 Kg7 32.Nd4 Bc8 33.a3 Qc7 34.Qxe4 Nb8 
35.Nb5 Qc6 36.Qe7+ 1-0

[Event "First Lady's Cup"]
[Site "Yogyakarta INA"]
[Date "1983.11.29"]
[Round "13"]
[White "Tarjan, James Edward"]
[Black "Timman, Jan"]
[Result "0-1"]
[WhiteElo "2535"]
[BlackElo "2605"]
[EventDate "1983.11.13"]
[PlyCount "106"]

1.d4 Nf6 2.c4 e6 3.Nf3 b6 4.g3 Ba6 5.b3 Bb4+ 6.Bd2 Be7 7.Nc3 d5 8.cxd5 
Nxd5 9.Nxd5 exd5 10.Bg2 Nd7 11.O-O O-O 12.Bc3 Nf6 13.Rc1 Re8 14.Bb2 Bd6 
15.Rc2 Ne4 16.Ne5 Bb7 17.e3 c5 18.Re1 Rc8 19.Qh5 Qe7 20.Rec1 b5 21.Ba3 
Bxe5 22.dxe5 b4 23.Bb2 Ba6 24.Rd1 Rcd8 25.h4 Bb5 26.Kh2 c4 27.Rxd5 Rxd5 
28.Bxe4 g6 29.Qh6 Rd1 30.bxc4 Ba4 31.Re2 Qf8 32.Qf4 Bd7 33.e6 Rxe6 34.Bc2 
Rdd6 35.c5 Rd5 36.Bb3 Qxc5 37.e4 Rf5 38.Qd2 Rxe4 39.f4 Rxe2+ 40.Qxe2 Qd6 
41.Be5 Qe7 42.Qe4 Rxe5 43.fxe5 Bf5 44.Qd4 a5 45.Qd5 Qd7 46.Qf3 Qd2+ 47.Kg1
Qe1+ 48.Kh2 Qxe5 49.Qa8+ Kg7 50.Qa7 Qe2+ 51.Kg1 Qe1+ 52.Kh2 Qd2+ 53.Kg1 
Kh6 0-1

[Event "First Lady's Cup"]
[Site "Yogyakarta INA"]
[Date "1983.11.29"]
[Round "13"]
[White "Portisch, Lajos"]
[Black "Ardiansyah"]
[Result "1-0"]
[WhiteElo "2600"]
[BlackElo "2450"]
[EventDate "1983.11.13"]
[PlyCount "63"]

1.c4 Nf6 2.Nc3 g6 3.e4 d6 4.d4 Bg7 5.f3 O-O 6.Be3 e5 7.d5 c6 8.Bd3 a6 9.
Nge2 b5 10.a3 bxc4 11.Bxc4 c5 12.b4 cxb4 13.axb4 Nbd7 14.O-O Nh5 15.Qd2 f5
16.exf5 gxf5 17.Ra3 Bb7 18.Rfa1 f4 19.Bf2 e4 20.Nxe4 Bxa1 21.Rxa1 Ne5 22.
Bb3 Qd7 23.Nd4 Kh8 24.Ne6 Rf5 25.Rc1 Rc8 26.Rxc8+ Bxc8 27.Qc2 Rf6 28.Nxf6 
Nxf6 29.Bh4 Nh5 30.Qf5 Qf7 31.Qg5 Bd7 32.Qd8+ 1-0

[Event "First Lady's Cup"]
[Site "Yogyakarta INA"]
[Date "1983.11.29"]
[Round "13"]
[White "Kovacevic, Vladimir"]
[Black "Handoko, Edhi"]
[Result "1/2-1/2"]
[WhiteElo "2540"]
[BlackElo "2420"]
[EventDate "1983.11.13"]
[PlyCount "118"]

1.d4 Nf6 2.Nf3 b6 3.e3 Bb7 4.Bd3 e6 5.O-O c5 6.b3 Be7 7.Bb2 O-O 8.Nbd2 d5 
9.Ne5 Nbd7 10.f4 Ne4 11.Nxe4 dxe4 12.Be2 f5 13.Nxd7 Qxd7 14.dxc5 Qxd1 15.
Rfxd1 Bxc5 16.Kf2 Rfd8 17.c4 Kf7 18.a3 Be7 19.b4 Rac8 20.Bd4 Bh4+ 21.g3 
Bf6 22.a4 Be7 23.b5 Bb4 24.Rab1 Ba5 25.h3 Rc7 26.g4 Rcd7 27.g5 Bc8 28.h4 
e5 29.Bxe5 Rd2 30.Rxd2 Rxd2 31.Rb2 Rxb2 32.Bxb2 Bb4 33.h5 g6 34.Be5 Ke7 
35.h6 Be6 36.Bb8 Kd7 37.Bxa7 Kc7 38.a5 Bxa5 39.c5 Kb7 40.Bxb6 Bxb6 41.cxb6
Kxb6 42.Ke1 Kc5 43.Kd2 Bd7 44.b6 Kxb6 45.Bc4 Be8 46.Kc3 Kc5 47.Bg8 Kd6 48.
Kd4 Ke7 49.Ke5 Bd7 50.Bd5 Bc8 51.Bg8 Bd7 52.Bxh7 Kf7 53.Kd6 Bc8 54.Bxg6+ 
Kxg6 55.Ke7 Ba6 56.h7 Kxh7 57.Kf7 Be2 58.g6+ Kh6 59.Kf6 Bh5 1/2-1/2

[Event "First Lady's Cup"]
[Site "Yogyakarta INA"]
[Date "1983.11.30"]
[Round "14"]
[White "Ardiansyah"]
[Black "Kovacevic, Vladimir"]
[Result "0-1"]
[WhiteElo "2450"]
[BlackElo "2540"]
[EventDate "1983.11.13"]
[PlyCount "76"]

1.d4 Nf6 2.c4 e6 3.Nc3 Bb4 4.e3 d5 5.Bd3 O-O 6.Nf3 Nc6 7.O-O a6 8.a3 dxc4 
9.Bxc4 Bd6 10.e4 e5 11.d5 Ne7 12.b4 Ng6 13.Re1 Nh5 14.Bf1 Nhf4 15.h3 h6 
16.Kh2 f5 17.g3 Nh5 18.Nh4 Nxg3 19.fxg3 Nxh4 20.Qh5 Qe8 21.Be2 Ng6 22.Bxh6
gxh6 23.Qxh6 Nh8 24.Bh5 Qe7 25.exf5 Bxf5 26.g4 Bh7 27.g5 e4+ 28.Kh1 Nf7 
29.Qe6 Qxe6 30.dxe6 Ne5 31.Nxe4 Bxe4+ 32.Rxe4 Rf5 33.h4 Kf8 34.Rg1 Ke7 35.
Be2 Rg8 36.Rg2 b5 37.Rg3 Ng6 38.Rge3 Rh8 0-1

[Event "First Lady's Cup"]
[Site "Yogyakarta INA"]
[Date "1983.11.30"]
[Round "14"]
[White "Schmidt, Wlodzimierz"]
[Black "Hulak, Krunoslav"]
[Result "1-0"]
[WhiteElo "2450"]
[BlackElo "2530"]
[EventDate "1983.11.13"]
[PlyCount "107"]

1.d4 Nf6 2.c4 e6 3.Nc3 c5 4.d5 exd5 5.cxd5 d6 6.Nf3 g6 7.Nd2 Bg7 8.e4 O-O 
9.Be2 b6 10.O-O Re8 11.f3 Nh5 12.Nc4 Ba6 13.g4 b5 14.Nxb5 Bxb5 15.gxh5 
Bxc4 16.Bxc4 Nd7 17.Qc2 Rb8 18.Rb1 Bd4+ 19.Kh1 gxh5 20.Bh6 Kh8 21.f4 Qf6 
22.Bg5 Qg7 23.b3 h6 24.Bh4 Qg4 25.Be1 Qh3 26.Qd3 Qxd3 27.Bxd3 Nf6 28.e5 
Nxd5 29.Bd2 Rbd8 30.Bc4 dxe5 31.fxe5 Kg7 32.Ba5 Rd7 33.Bb5 Rde7 34.Bxe8 
Rxe8 35.Rbe1 Kg6 36.Bd2 Rxe5 37.Rxe5 Bxe5 38.Kg2 f6 39.h3 Bd4 40.Re1 Be5 
41.Kf3 Kf5 42.Rg1 Nc3 43.Rc1 Ne4 44.Bxh6 Bd4 45.Rc4 Nd6 46.Ra4 Nf7 47.Bf4 
Ne5+ 48.Bxe5 fxe5 49.Rxa7 c4 50.Rf7+ Kg6 51.Rc7 cxb3 52.axb3 Kf5 53.Rf7+ 
Kg6 54.Rf8 1-0

[Event "First Lady's Cup"]
[Site "Yogyakarta INA"]
[Date "1983.11.30"]
[Round "14"]
[White "Miolo, Ediwan Ermansyah"]
[Black "Yusupov, Artur"]
[Result "1/2-1/2"]
[WhiteElo "2405"]
[BlackElo "2555"]
[EventDate "1983.11.13"]
[PlyCount "58"]

1.d4 Nf6 2.Nf3 e6 3.e3 c5 4.Bd3 d5 5.c3 Nc6 6.O-O Bd6 7.Nbd2 O-O 8.dxc5 
Bxc5 9.e4 Qc7 10.Qe2 Be7 11.Re1 b6 12.e5 Nd7 13.Nb3 Nc5 14.Nxc5 bxc5 15.
Bf4 c4 16.Bc2 Rb8 17.Rab1 Bd7 18.Ng5 Bxg5 19.Qh5 h6 20.Bxg5 Nxe5 21.Bxh6 
Ng6 22.Bxg6 fxg6 23.Qxg6 Rf7 24.Re3 e5 25.Rf3 Rbf8 26.Rxf7 Rxf7 27.Re1 Qc6
28.Qxc6 Bxc6 29.Bc1 e4 1/2-1/2

[Event "First Lady's Cup"]
[Site "Yogyakarta INA"]
[Date "1983.11.30"]
[Round "14"]
[White "Timman, Jan"]
[Black "Henley, Ronald Watson"]
[Result "0-1"]
[WhiteElo "2605"]
[BlackElo "2525"]
[EventDate "1983.11.13"]
[PlyCount "80"]

1.d4 d5 2.c4 c6 3.Nf3 Nf6 4.Nc3 e6 5.Bg5 dxc4 6.e4 b5 7.e5 h6 8.Bh4 g5 9.
Nxg5 Nd5 10.Nxf7 Qxh4 11.Nxh8 Bb4 12.Qd2 c5 13.dxc5 Nd7 14.g3 Qh5 15.Bg2 
Bb7 16.O-O O-O-O 17.Qe2 Qxe2 18.Nxe2 Rxh8 19.Nd4 Nxe5 20.Nxe6 Nd3 21.Rad1 
Nc7 22.c6 Nxe6 23.cxb7+ Kc7 24.a3 Bc5 25.b4 Bb6 26.Bd5 Ng5 27.Rd2 Rd8 28.
Bg2 Rf8 29.Re2 Nf3+ 30.Kh1 Kxb7 31.h4 Kc7 32.Bh3 h5 33.Kg2 Nd4 34.Re7+ Kd6
35.Rd7+ Kc6 36.a4 bxa4 37.Rh7 a3 38.b5+ Kxb5 39.Rxh5+ Kb4 40.Rb1+ Nb3 0-1

[Event "First Lady's Cup"]
[Site "Yogyakarta INA"]
[Date "1983.11.30"]
[Round "14"]
[White "Romanishin, Oleg"]
[Black "Kurajica, Bojan"]
[Result "1/2-1/2"]
[WhiteElo "2575"]
[BlackElo "2525"]
[EventDate "1983.11.13"]
[PlyCount "31"]

1.c4 e5 2.Nc3 Nc6 3.g3 f5 4.Bg2 Nf6 5.Nd5 Bc5 6.e3 e4 7.Nh3 Ne5 8.O-O c6 
9.Ndf4 Be7 10.b3 O-O 11.Bb2 Nf7 12.d3 d6 13.Qc2 Re8 14.Rad1 Bf8 15.Ne2 Qe7
16.Qc3 1/2-1/2

[Event "First Lady's Cup"]
[Site "Yogyakarta INA"]
[Date "1983.11.30"]
[Round "14"]
[White "Lobron, Eric"]
[Black "Portisch, Lajos"]
[Result "0-1"]
[WhiteElo "2480"]
[BlackElo "2600"]
[EventDate "1983.11.13"]
[PlyCount "106"]

1.e4 c5 2.Nf3 d6 3.d4 cxd4 4.Nxd4 Nf6 5.Nc3 a6 6.Bg5 e6 7.f4 Qb6 8.Qd2 
Qxb2 9.Rb1 Qa3 10.Be2 Be7 11.O-O h6 12.Bh4 Nbd7 13.Kh1 Qa5 14.f5 Ne5 15.
fxe6 fxe6 16.Bh5+ Nf7 17.Bxf7+ Kxf7 18.e5 dxe5 19.Nf3 e4 20.Nxe4 Qxd2 21.
Ne5+ Kg8 22.Nxd2 Kh7 23.Ndc4 b5 24.Na5 Rf8 25.Rbd1 Bd8 26.Nac6 Bb7 27.h3 
Bxc6 28.Nxc6 Rc8 29.Rd6 Bc7 30.Rxe6 Nd5 31.Rd1 Nc3 32.Rde1 Nxa2 33.Ne7 Ba5
34.Ra1 Rxc2 35.Rxa6 Bc7 36.Nd5 Be5 37.Re1 Re2 38.Kg1 Rxe1+ 39.Bxe1 Nc1 40.
g3 Nd3 41.Bc3 Bxg3 42.Kg2 Be1 43.Rb6 Bxc3 44.Nxc3 b4 45.Nd1 Re8 46.Rd6 
Re2+ 47.Kg3 Nc5 48.Rb6 Re1 49.Nb2 Re3+ 50.Kg4 b3 51.h4 Re2 52.Nd1 Rd2 53.
Nc3 Rd4+ 0-1

[Event "First Lady's Cup"]
[Site "Yogyakarta INA"]
[Date "1983.11.30"]
[Round "14"]
[White "Andersson, Ulf"]
[Black "Tarjan, James Edward"]
[Result "1/2-1/2"]
[WhiteElo "2640"]
[BlackElo "2535"]
[EventDate "1983.11.13"]
[PlyCount "35"]

1.Nf3 d5 2.d4 Nf6 3.c4 dxc4 4.Nc3 a6 5.e3 e6 6.Bxc4 c5 7.O-O b5 8.Be2 Nbd7
9.b3 Bb7 10.Bb2 Bd6 11.dxc5 Bxc5 12.Rc1 O-O 13.a4 b4 14.Nb1 Qe7 15.Nbd2 
Rfd8 16.Qc2 Rac8 17.Qb1 Nb6 18.Rfd1 1/2-1/2

[Event "First Lady's Cup"]
[Site "Yogyakarta INA"]
[Date "1983.11.30"]
[Round "14"]
[White "Adorjan, Andras"]
[Black "Radulov, Ivan"]
[Result "1/2-1/2"]
[WhiteElo "2535"]
[BlackElo "2490"]
[EventDate "1983.11.13"]
[PlyCount "53"]

1.c4 c5 2.Nf3 Nf6 3.Nc3 Nc6 4.d4 cxd4 5.Nxd4 e6 6.g3 Qb6 7.Ndb5 Bc5 8.Nd6+
Ke7 9.Nde4 Nxe4 10.Nxe4 Bb4+ 11.Bd2 Bxd2+ 12.Qxd2 Qb4 13.Rd1 Qxd2+ 14.Rxd2
d5 15.cxd5 exd5 16.Nc3 d4 17.Nb5 Be6 18.Bg2 Bxa2 19.Bxc6 bxc6 20.Nxd4 Rhc8
21.O-O c5 22.b3 cxd4 23.Rxa2 Rc3 24.b4 d3 25.Re1 Kf8 26.exd3 Rxd3 27.h4 
1/2-1/2

[Event "First Lady's Cup"]
[Site "Yogyakarta INA"]
[Date "1983.11.30"]
[Round "14"]
[White "Gunawan, Ronny"]
[Black "Utut Adianto"]
[Result "1-0"]
[WhiteElo "2400"]
[BlackElo "2385"]
[EventDate "1983.11.13"]
[PlyCount "61"]

1.e4 c5 2.Nf3 d6 3.d4 Nf6 4.Nc3 cxd4 5.Nxd4 a6 6.Bg5 e6 7.f4 Be7 8.Qf3 Qc7
9.O-O-O Nbd7 10.Bd3 b5 11.Rhe1 Bb7 12.Qg3 O-O-O 13.Bxb5 axb5 14.Ndxb5 Qb6 
15.e5 dxe5 16.fxe5 Nd5 17.Bxe7 Nxe7 18.Nd6+ Kb8 19.Nxf7 Rhf8 20.Nxd8 Rxd8 
21.Qxg7 Nd5 22.Ne4 Nc5 23.Nxc5 Qxc5 24.Qxh7 Rc8 25.Kb1 Qb6 26.Ka1 Rc7 27.
Qg8+ Bc8 28.Rd3 Nb4 29.Rb3 Nxc2+ 30.Kb1 Nb4 31.a3 1-0

[Event "First Lady's Cup"]
[Site "Bali INA"]
[Date "1983.12.03"]
[Round "15"]
[White "Kurajica, Bojan"]
[Black "Miolo, Ediwan Ermansyah"]
[Result "1-0"]
[WhiteElo "2525"]
[BlackElo "2405"]
[EventDate "1983.11.13"]
[PlyCount "76"]

1.Nf3 Nf6 2.c4 e6 3.g3 d5 4.d4 c5 5.cxd5 Nxd5 6.Bg2 Nc6 7.O-O cxd4 8.Nxd4 
Bd7 9.Nb3 Bb4 10.Bd2 Be7 11.Nc3 Nxc3 12.Bxc3 O-O 13.Rc1 Rc8 14.Qd2 Qc7 15.
Qe3 Rfd8 16.Nd4 Qb6 17.Nxc6 Bxc6 18.Qxb6 axb6 19.Rfd1 f6 20.Rxd8+ Rxd8 21.
Be1 Kf7 22.a3 Rc8 23.Bd2 Bd6 24.Be3 b5 25.f4 g6 26.Kf2 e5 27.Rc3 exf4 28.
Bxf4 b4 29.Rxc6 bxc6 30.Bxd6 bxa3 31.Bxa3 Ke6 32.Ke3 c5 33.Kd3 f5 34.Kc4 
Kd6 35.b3 g5 36.Bc1 h6 37.h4 Rg8 38.hxg5 hxg5 1-0

[Event "First Lady's Cup"]
[Site "Bali INA"]
[Date "1983.12.03"]
[Round "15"]
[White "Tarjan, James Edward"]
[Black "Gunawan, Ronny"]
[Result "0-1"]
[WhiteElo "2535"]
[BlackElo "2400"]
[EventDate "1983.11.13"]
[PlyCount "64"]

1.d4 Nf6 2.c4 g6 3.Nc3 Bg7 4.e4 d6 5.f3 O-O 6.Be3 Nc6 7.Nge2 a6 8.Qd2 Rb8 
9.h4 h5 10.Nd5 b5 11.O-O-O bxc4 12.Nxf6+ Bxf6 13.g4 Nb4 14.Nc3 c5 15.gxh5 
Be6 16.hxg6 Qa5 17.a3 fxg6 18.f4 Nc6 19.e5 Nxd4 20.Bxd4 cxd4 21.Qxd4 dxe5 
22.Qg1 Bf5 23.Bxc4+ Kg7 24.Rd5 Qc7 25.Rc5 Qb7 26.Rh2 Qf3 27.Nd5 Qe4 28.Ba2
Rfc8 29.Rd2 Rxc5+ 30.Qxc5 Rc8 31.Nc7 Qh1+ 32.Rd1 Qb7 0-1

[Event "First Lady's Cup"]
[Site "Bali INA"]
[Date "1983.12.03"]
[Round "15"]
[White "Radulov, Ivan"]
[Black "Romanishin, Oleg"]
[Result "0-1"]
[WhiteElo "2490"]
[BlackElo "2575"]
[EventDate "1983.11.13"]
[PlyCount "78"]

1.e4 c5 2.Nf3 e6 3.d4 cxd4 4.Nxd4 Nc6 5.Nc3 a6 6.g3 Nge7 7.Bg2 Nxd4 8.Qxd4
Nc6 9.Qd1 Be7 10.O-O O-O 11.Be3 Qc7 12.Qe2 Ne5 13.Rad1 b5 14.f4 Nc4 15.Bc1
Bb7 16.e5 Bxg2 17.Kxg2 Rac8 18.Ne4 d6 19.exd6 Nxd6 20.Nxd6 Bxd6 21.c3 Rfd8
22.Qf3 b4 23.Rd3 Be7 24.Rfd1 a5 25.Rxd8+ Rxd8 26.Rxd8+ Qxd8 27.Be3 bxc3 
28.bxc3 h6 29.Bd4 Qc8 30.Qe4 a4 31.Bf2 a3 32.c4 f5 33.Qd4 Qb7+ 34.Kg1 Qb1+
35.Kg2 Qxa2 36.c5 Qc2 37.Qd7 Kf7 38.c6 a2 39.c7 a1=Q 0-1

[Event "First Lady's Cup"]
[Site "Bali INA"]
[Date "1983.12.03"]
[Round "15"]
[White "Kovacevic, Vladimir"]
[Black "Lobron, Eric"]
[Result "0-1"]
[WhiteElo "2540"]
[BlackElo "2480"]
[EventDate "1983.11.13"]
[PlyCount "74"]

1.d4 Nf6 2.Nf3 c5 3.e3 e6 4.Bd3 b6 5.O-O Bb7 6.b3 Be7 7.Bb2 O-O 8.Nbd2 Nc6
9.a3 Re8 10.Qe2 Bf8 11.Rfd1 cxd4 12.exd4 Rc8 13.Qf1 Ne7 14.g3 g6 15.Rac1 
Bh6 16.Rb1 Bg7 17.Rbc1 Rc7 18.c4 d5 19.Re1 a5 20.Ne5 Bh6 21.Rc2 a4 22.Qh3 
Bxd2 23.Rxd2 axb3 24.c5 bxc5 25.dxc5 d4 26.Bc4 Nf5 27.c6 Rxc6 28.Nxc6 Bxc6
29.Bxb3 Ne4 30.Rxe4 Bxe4 31.Qg4 Qa5 32.Rd1 Qa8 33.Rd2 Bh1 34.Qh3 Qa5 35.
Bc1 Qc3 36.Qf1 Bb7 37.Ba2 Qf3 0-1

[Event "First Lady's Cup"]
[Site "Bali INA"]
[Date "1983.12.03"]
[Round "15"]
[White "Hulak, Krunoslav"]
[Black "Adorjan, Andras"]
[Result "0-1"]
[WhiteElo "2530"]
[BlackElo "2535"]
[EventDate "1983.11.13"]
[PlyCount "80"]

1.e4 c5 2.Nf3 e6 3.d4 cxd4 4.Nxd4 Nf6 5.Nc3 d6 6.f4 a6 7.Bd3 Nbd7 8.g4 h6 
9.Qf3 e5 10.Nf5 g6 11.Ne3 exf4 12.Qxf4 Ne5 13.h3 Be6 14.Bd2 Rc8 15.Be2 Bg7
16.Ncd5 Bxd5 17.exd5 O-O 18.O-O-O Re8 19.Rhe1 Re7 20.Kb1 Qe8 21.Bf1 Nfd7 
22.Re2 Nb6 23.Qb4 Na4 24.Rf2 b5 25.c3 Nd7 26.Nc2 Ndc5 27.Rf3 Re5 28.Bf4 
Re4 29.Qa5 Nxb2 30.Kxb2 Na4+ 31.Kc1 Nxc3 32.Qxa6 Ra8 33.Qc6 Nxa2+ 34.Kd2 
Qd8 35.Qxb5 Rb8 36.Qa6 Qc7 37.Qxa2 Rxf4 38.Rxf4 Qc3+ 39.Kc1 Rb2 40.Qa4 
Rb1+ 0-1

[Event "First Lady's Cup"]
[Site "Bali INA"]
[Date "1983.12.03"]
[Round "15"]
[White "Utut Adianto"]
[Black "Torre, Eugenio"]
[Result "1-0"]
[WhiteElo "2385"]
[BlackElo "2570"]
[EventDate "1983.11.13"]
[PlyCount "63"]

1.e4 d6 2.d4 Nf6 3.Nc3 g6 4.Nf3 Bg7 5.Be2 O-O 6.O-O c5 7.d5 Na6 8.Bf4 Nc7 
9.a4 a6 10.Qd2 Bg4 11.Rfe1 Nd7 12.Bh6 Bxf3 13.Bxf3 b5 14.Bxg7 Kxg7 15.Be2 
Rb8 16.Bf1 f6 17.axb5 axb5 18.b4 Ne5 19.bxc5 dxc5 20.Qe3 Qd6 21.f4 Nd7 22.
e5 fxe5 23.fxe5 Qb6 24.Rad1 c4 25.Qxb6 Rxb6 26.d6 exd6 27.exd6 Na6 28.Re7+
Rf7 29.Nxb5 Rc6 30.Nd4 Rc8 31.Ne6+ Kf6 32.Bxc4 1-0

[Event "First Lady's Cup"]
[Site "Bali INA"]
[Date "1983.12.04"]
[Round "16"]
[White "Miolo, Ediwan Ermansyah"]
[Black "Radulov, Ivan"]
[Result "1-0"]
[WhiteElo "2405"]
[BlackElo "2490"]
[EventDate "1983.11.13"]
[PlyCount "97"]

1.e4 c5 2.Nf3 Nc6 3.d4 cxd4 4.Nxd4 Nf6 5.Nc3 d6 6.Be2 e6 7.O-O Be7 8.Kh1 
a6 9.a4 Qc7 10.f4 Bd7 11.Bf3 O-O 12.Nb3 b6 13.Qe2 Bc8 14.g4 Rb8 15.Qg2 Nd7
16.g5 Re8 17.Be3 Bf8 18.Rg1 Nb4 19.Qf2 g6 20.Rg2 Bb7 21.Rd1 Bg7 22.Bd4 e5 
23.fxe5 Bxe5 24.Bg4 Nc5 25.Nxc5 bxc5 26.Bxe5 Rxe5 27.Bf3 Rf8 28.Qd2 f5 29.
gxf6 Rxf6 30.Rg3 Qf7 31.Bg2 Nc6 32.Rg5 Rf2 33.Qe3 Nd4 34.Rxe5 dxe5 35.Nd5 
Re2 36.Qg5 Bxd5 37.exd5 Rxc2 38.d6 Rxb2 39.Qd8+ Kg7 40.Qc7 Ne6 41.Qxf7+ 
Kxf7 42.Bd5 Kf6 43.Bxe6 Rb8 44.Bc4 e4 45.Bxa6 e3 46.d7 Ke7 47.Bb5 Rf8 48.
Re1 Rf3 49.Kg2 1-0

[Event "First Lady's Cup"]
[Site "Bali INA"]
[Date "1983.12.04"]
[Round "16"]
[White "Gunawan, Ronny"]
[Black "Henley, Ronald Watson"]
[Result "1-0"]
[WhiteElo "2400"]
[BlackElo "2525"]
[EventDate "1983.11.13"]
[PlyCount "83"]

1.d4 Nf6 2.c4 e6 3.Nf3 d5 4.Nc3 c6 5.cxd5 exd5 6.Bg5 Be7 7.Qc2 g6 8.e3 Bf5
9.Bd3 Bxd3 10.Qxd3 O-O 11.O-O Nbd7 12.Bxf6 Bxf6 13.b4 Nb6 14.Nd2 Qd6 15.
Rab1 a6 16.a4 Bd8 17.Rfc1 Bc7 18.g3 f5 19.b5 axb5 20.axb5 g5 21.bxc6 bxc6 
22.Nf3 Qe7 23.Ne5 f4 24.exf4 gxf4 25.Ne2 fxg3 26.hxg3 Ra2 27.Rxc6 Bxe5 28.
dxe5 Qxe5 29.Nf4 Nd7 30.Rd1 Nf6 31.Re6 Qg5 32.Re7 Qh6 33.Qf3 Kh8 34.Ne6 
Rc8 35.Qf5 Qg6 36.Qe5 Rxf2 37.Kxf2 Qc2+ 38.Ke1 Qe4+ 39.Qxe4 Nxe4 40.Rxd5 
Nxg3 41.Rd8+ Rxd8 42.Nxd8 1-0

[Event "First Lady's Cup"]
[Site "Bali INA"]
[Date "1983.12.04"]
[Round "16"]
[White "Romanishin, Oleg"]
[Black "Hulak, Krunoslav"]
[Result "1-0"]
[WhiteElo "2575"]
[BlackElo "2530"]
[EventDate "1983.11.13"]
[PlyCount "137"]

1.Nf3 c5 2.g3 Nc6 3.c4 g6 4.Bg2 e6 5.O-O Bg7 6.Nc3 Nge7 7.e4 O-O 8.d3 d5 
9.cxd5 exd5 10.h3 dxe4 11.dxe4 Be6 12.Bf4 Nd4 13.Re1 h6 14.e5 g5 15.Nxg5 
hxg5 16.Bxg5 f6 17.exf6 Bxf6 18.Bxf6 Rxf6 19.Ne4 Rf5 20.g4 Rf4 21.Nxc5 Bd5
22.Ne4 Nec6 23.Rc1 Bxe4 24.Rxe4 Qf6 25.Qe1 Rf8 26.Re8 Kg7 27.Rxf8 Qxf8 28.
Rc3 Qf6 29.Rc5 Nf3+ 30.Bxf3 Rxf3 31.Rc3 Rf4 32.Qe3 Qd6 33.Rb3 b6 34.Ra3 
Kf6 35.Qc3+ Kg6 36.Qd3+ Qxd3 37.Rxd3 Rc4 38.a3 Rc2 39.b4 Ne5 40.Re3 Kf6 
41.Kg2 Nc4 42.Rf3+ Ke6 43.h4 Ne5 44.Re3 Kd5 45.Kg3 Nc4 46.Rd3+ Ke4 47.Rf3 
Rc1 48.Rf4+ Ke5 49.Rf5+ Ke6 50.h5 Nxa3 51.Rf8 Nc4 52.h6 Rh1 53.g5 Nd6 54.
f4 Nf7 55.b5 Rg1+ 56.Kf2 Rh1 57.Kg2 Rh5 58.Kf3 Rh1 59.Kg2 Rh5 60.Rg8 Ke7 
61.Rg7 Kf8 62.Rg6 Nh8 63.Rc6 Nf7 64.Kf3 Kg8 65.Kg4 Rh1 66.Kf5 Rg1 67.Rc8+ 
Kh7 68.Rc7 Kg8 69.h7+ 1-0